| 000 | 00451nam a2200157 i 4500 | ||
|---|---|---|---|
| 001 | 50773 | ||
| 003 | ES-MaACL | ||
| 005 | 20230906162233.0 | ||
| 007 | t| | ||
| 008 | 030806s1973 sp ||||1| spa d | ||
| 100 | 1 |
_aCuenca, José Manuel. _941997 |
|
| 245 | 1 | 0 |
_aEstudios de historia moderna y contemporánea / _cJosé Manuel Cuenca. |
| 260 |
_a[Madrid : _bEd. Nacional, _c1973] |
||
| 300 |
_a398 p. ; _c23 cm. |
||
| 852 |
_aES-MaACL _jC-55211 _bR.87783 |
||
| 999 |
_c50773 _d50773 |
||